|
|
|
|
| LEADER |
00864nam a2200217 a 4500 |
| 001 |
29082 |
| 003 |
BD-DhAAL |
| 008 |
150328s2014 bg a 000 0 eng d |
| 040 |
|
|
|a BD-DhAAL
|c BD-DhAAL
|
| 082 |
0 |
0 |
|a 658.1511
|2 21
|
| 100 |
1 |
|
|a Moniruzzaman, K. M.
|9 10151
|
| 245 |
1 |
0 |
|a Practical advanced cost accounting /
|c K. M. Moniruzzaman.
|
| 260 |
|
|
|a Dhaka :
|b Morale trade,
|c 2014.
|
| 300 |
|
|
|a 417 p. :
|b ill. ;
|c 24 cm.
|
| 500 |
|
|
|a For B.B.A. Hons., B.B.S., M.B.S. Preliminary, M.B.S. Final, MBA, CA, CMA. CS and other commerce professional students
|
| 541 |
1 |
|
|e 29082
|
| 650 |
|
0 |
|a Managerial accounting.
|9 6027
|
| 852 |
4 |
|
|a Ayesha Abed Library
|j General shelf
|
| 942 |
|
|
|2 ddc
|c BK
|
| 999 |
|
|
|c 34168
|d 34168
|
| 952 |
|
|
|0 0
|1 0
|2 ddc
|4 0
|6 658_151100000000000_MON
|7 0
|9 53315
|a BRACUL
|b BRACUL
|c GEN
|d 2015-03-28
|l 2
|m 20
|o 658.1511 MON
|p 3010029082
|r 2019-09-30
|s 2019-09-26
|t 1
|w 2015-03-28
|y BK
|